Origin of cultivated rice

Ecology and population biology of the common wild rice, genetic variations and envolutionary dynamics, the homeland of oryza sativa, Indica-japonica differentiation of rice cultivars, funtions and genetic bases of reproductive, variations in adaptability to environment, and germplasm conservation.

保存先:
書誌詳細
第一著者: Oka, H. I.
フォーマット: 図書
言語:Undetermined
出版事項: Tokyo Japan Scientific Societies 1988
主題:
タグ: タグ追加
タグなし, このレコードへの初めてのタグを付けませんか!
Thư viện lưu trữ: Trung tâm Học liệu Trường Đại học Cần Thơ
LEADER 00817nam a2200205Ia 4500
001 CTU_138761
008 210402s9999 xx 000 0 und d
082 |a 633.183 
082 |b O.41 
100 |a Oka, H. I. 
245 0 |a Origin of cultivated rice 
245 0 |c H. I. Oka 
260 |a Tokyo 
260 |b Japan Scientific Societies 
260 |c 1988 
520 |a Ecology and population biology of the common wild rice, genetic variations and envolutionary dynamics, the homeland of oryza sativa, Indica-japonica differentiation of rice cultivars, funtions and genetic bases of reproductive, variations in adaptability to environment, and germplasm conservation. 
650 |a Rice,Rice,Cây lúa 
650 |x Origin 
904 |i Bạch Trúc 
980 |a Trung tâm Học liệu Trường Đại học Cần Thơ